Quizzes
Events
Quiz Creation
Community
Videos
Private Events
Remove Ads
Sign In
Join for FREE
Feedback
Dark Mode
Quiz Categories
Sports
Geography
Music
Movies
Television
Just For Fun
Miscellaneous
History
Literature
Language
Science
Gaming
Entertainment
Religion
Holiday
For Kids
Quiz Lab
Recent
Popular Today
Quiz Kudos Today
Editor Picks
Curator Picks
Quizzes by...
Day
Popularity
Type
Ratings
Length
Year
Community
Subscriptions
Recent Discussions
Orange Saloon
Badges
Playlists
Quests
Create
Leaderboards
Showdown
Live 5
Trivia Bingo
Activity
Puzzle Library
Sporcle Events
Private Events
Virtual Trivia
Globe League
Become a Host
Pub Owners
SporcleCon
Opinionation
Our Games
Videos
Blog
Mobile Apps
Partnerships
Remove Ads and Go Orange
Feedback
Just For Fun
Clickable
Get the Picture
Humor
Quick Pick
Word Ladder
Missing Word
Mixed Word
Blitz
Minefield
This or That
Alphabet
Color
Typing
Sporcle
Puzzle
Word Play
Follow That Line
Logic
Just For Fun
Clickable
Get the Picture
Humor
Quick Pick
Word Ladder
Missing Word
Mixed Word
Blitz
Minefield
This or That
Alphabet
Color
Typing
Sporcle
Puzzle
Word Play
Follow That Line
Logic
Random Quiz
Search Sporcle
×
Quiz Lab
Quiz Lab
Just For Fun
snack
Type in answers that appear in a list
Type in answers that appear in a list
Classic
Best Score? Go Orange.
Name the Popular Snack Food Stats
Can you name the snack food?
By
kcroyals93
6m
20 Questions
739 Plays
739 Plays
739 Plays
Comments
Comments
Give Quiz Kudos
Give Quiz Kudos
-
- Ratings
hide this ad
More Info
Replay
Link that replays current quiz
Next Quiz
Link to next quiz in quiz playlist
You Got
0%
They Got
Avg Score
59%
Avg Friend Score
Upgrade to see
Score Distribution
Jump to the score distribution portion of the page
Score
0/20
Timer
06:00
0
Plays Today
Description
Snack Food
% Correct
Puffs or crunches that are known for their orange tint
Cheetos
81.5%
The first potato chip of its kind, and it was invented by accident
Lays
81.1%
Trademarked 'sandwich cookie' made by Nabisco; 'Milk's Favorite Cookie'
Oreo
81.1%
A cracker shaped like a fish that has a series of commercials that tell a continuing story
Goldfish
79.2%
Chips that have many flavors including a special 3-
D bag of chips
Doritos
75.9%
Candy shells that have a single 'm' printed on them; originally created for US soldiers in WWII
M&M's
71.7%
Fruit flavored candies that have hard sugar shells with an 's' on them
Skittles
69.1%
A candy bar with roasted peanuts, nougat, and caramel
Snickers
67.1%
A brand of corn chips that had the famous bandit mascot
Fritos
66.2%
Square cheese cracker that comes in Cheddar, White Cheddar, Pepper Jack, Parmesean & Garlic, and many more!
Cheez-Its
64.7%
Description
Snack Food
% Correct
Most popularly sold at baseball games and toy surprises were put into every box
Cracker Jack
63.9%
Candy filled with peanut butter and a chocolate cover
Reese's
62.2%
Popular crisps that come in Original, Ranch, BBQ, Cheddar, and Loaded Baked Potato
Pringles
59.5%
A cross in between Snickers and 3 Muskateers
Milky Way
48.2%
Popular cookie made by Nabisco that is widely sold in many countries
Chips Ahoy
41.7%
Fig roll pastry filled with fig; modeled after the ancient fig roll
Fig Newtons
41.7%
A brand of tortilla chips made by Frito-
Lay
Tostitos
40.2%
Variety of cookies that are known for the little working elves that make them
E.L. Fudge
39.5%
Consists of a flakey orange center with a taste similar to peanut butter
Butterfinger
38%
A brand of chewy candy that was the first candy to be individually wrapped and sold
Tootsie Rolls
15.3%
Quiz Playlist
Details
Report
Send in Message
Add To Playlist
More Info:
Name the snack foods that are popular in America!
Classic:
Type in answers that appear in a list
Quiz Source
Last Updated: Feb 16, 2017
Quiz Scoreboard
CHALLENGE
Sign Up to Join the Scoreboard
Show All
Scores
Hide
Comments
May contain spoilers
Recently Published
9x9 Crossword: Cartoon Network
by jackfrog10
Miscellaneous
3m
College Basketball Coaching Resumes
by pancakes188
Sports
9m
Billboard Blitz: Fleetwood Mac
by CooCooCachoo
Music
15s
More to Explore
Quiz From the Vault
Featured Blog Post
Where Did the Easter Bunny Come From?
hide this ad
You Might Also Like...
Tags
snack
Today's Top Quizzes in Just For Fun
Browse Just For Fun
hide this ad
Today's Top Quizzes in snack
Browse snack
Top Contributed Quizzes in Just For Fun
1
Killer Double Trees 224 - Colour Match-Up
2
Spring Typing Challenge
3
Name Just One - 10 to 1: Just For Fun
4
Crossword Whiteout! 49
5
Zeroing In: Just For Fun
6
Survivor Winners Logic Puzzle
7
Word Ladder: Ahoy Matey
8
Word Ladder: Wilderness Weapon
9
Harry Potter Logic - 'In Chains' II
10
Kyle's 122nd Triple Trees
Explore More
Trending Topics
Marvel
NBA
Disney
Harry Potter
Anime
Crossword
Kpop
Puzzle
Song
The Office
Country
NFL
WWE
Soccer
Pokémon
hide this ad
More By:
kcroyals93
Quiz
Plays
Rating
Category
Featured
Created
Foreign NBA Players
1,927
2.80
Sports
May 24, 2011
Name the Popular Snack Food
739
4.00
Just For Fun
May 25, 2011
Presidents Home States
411
3.33
History
May 24, 2011
How to Say Hello in Different Languages
184
4.00
Language
May 25, 2011
Popular Comic Strips
45
1.50
Geography
May 24, 2011
Go to Creator's Profile
Score Distribution
Quiz Creator Spotlight
kcroyals93
Follow
Send a Message
Quizzes Created
-
Created Quiz Play Count
-
More By This Creator
Popular Quizzes Today
1
Find the US States - No Outlines Minefield
2
Find the Countries of Europe - No Outlines Minefield
3
The Countries of the World
4
Find the US States
5
Risky Map Clicking: Biggest States A-Z
6
US States
7
Popular People in 1961
8
Movies - When Are They Set?
More Just For Fun Quizzes
Mixed Word: Omelette
Published
Trending Quizzes
Risky Map Clicking: Least Populous States A-Z
1-10 Letter G Words
1-10 Letter F Words
Risky Map Clicking: Next State Alphabetically
Adjectives in 80s TV Shows
Recently Updated
Leaping Animals
pecheneg
Reality TV Shows (A-Z)
bhenderson79
Rickey Henderson's Hall of Fame Teammates
pecheneg
Champions League XIs: Arsenal
pecheneg
Quick Pick: Celebrities in WWE's Hall of Fame
aduchscher
A-Z Keypad Blitz II
pecheneg
Multiple Oscar Actors
pecheneg
Mystery Phrase Blitz: Oscar 'Best Actors'
pecheneg
F. Scott Fitzgerald Novels
LTH
Pick 3 Villains
ddd62291
Trending Topics
NBA
Marvel
Crossword
Anime
Kpop
Disney
Harry Potter
The Office
Soccer
Song
Puzzle
Country
WWE
Pokémon
NFL
Your Account Isn't Verified!
In order to create a playlist on Sporcle, you need to verify the email address you used during registration. Go to your
Sporcle Settings
to finish the process.
Report this User
Report this user for behavior that violates our
Community Guidelines
.
Details:
Send Report
Go to the Sporcle.com Mobile Site →
Comments